Tratado de derecho penal. parte general / Tomo V :

Guardado en:
Autor Principal: Zaffaroni, Eugenio Raúl
Formato: Libro
Idioma:Spanish
Publicado: Buenos Aires : Ediar, 1997
Materias:
Etiquetas: Agregar Etiqueta
Sin Etiquetas, Sea el primero en etiquetar este registro!
LEADER 00582nam a22001575a 4500
001 DER.der015546
008 251120s1997####ag#####|###|#|######spa||
005 20251120141943.0
245 1 0 |a Tratado de derecho penal.  |n Tomo V :  |b parte general /  |c Eugenio Raúl Zaffaroni. 
260 |a Buenos Aires :  |b Ediar,  |c 1997 
300 |a 557 p. 
500 |a Tercera parte. Título I: la coerción materialmente penal. Título II: la coerción formalmente penal. 
020 |a 950574059X 
100 1 |a Zaffaroni, Eugenio Raúl 
650 7 |a DERECHO PENAL 
859 |a DERECHO  |b BIB. DERECHO  |h 345  |i ZAF  |p 008767  |v V  |3 Tomo V